Normal view
MARC view
Entry Meeting Name
001 - CONTROL NUMBER
- control field: 45402
003 - CONTROL NUMBER IDENTIFIER
- control field: OSt
005 - DATE AND TIME OF LATEST TRANSACTION
- control field: 20250503135430.0
008 - FIXED-LENGTH DATA ELEMENTS
- fixed length control field: 250503|| aca||aabn | a|a d
040 ## - CATALOGING SOURCE
- Original cataloging agency: OSt
- Transcribing agency: OSt
111 ## - HEADING--MEETING NAME
- Meeting name or jurisdiction name as entry element: A.Somasundaram
670 ## - SOURCE DATA FOUND
- Source citation: Work cat.: (OSt)61131: S. Arumugam, Complex Analysis, 2024
